Kamaladevi Chattopadhyaya: A biography (Record no. 1397559)

MARC details
000 -LEADER
fixed length control field 00578nam a2200205Ia 4500
005 - DATE AND TIME OF LATEST TRANSACTION
control field 20250508165814.0
008 - FIXED-LENGTH DATA ELEMENTS--GENERAL INFORMATION
fixed length control field 008 250505s9999 xx 000 0 eng d
037 ## - SOURCE OF ACQUISITION
Stock number Textual
040 ## - CATALOGING SOURCE
Original cataloging agency FEDL
Language of cataloging eng
Transcribing agency FEDL
041 ## - LANGUAGE CODE
Language code of text/sound track or separate title eng
Source of code eng
084 ## - COLON CLASSIFICATION NUMBER
Classification number B, KAM
Assigning agency FEDL
100 ## - MAIN ENTRY--PERSONAL NAME
Personal name Nanda Reena
9 (RLIN) 141128
245 #0 - TITLE STATEMENT
Title Kamaladevi Chattopadhyaya: A biography
260 ## - PUBLICATION, DISTRIBUTION, ETC.
Place of publication, distribution, etc. New Delhi, India
Name of publisher, distributor, etc. Oxford University Press
Date of publication, distribution, etc. 2002
300 ## - PHYSICAL DESCRIPTION
Extent viii, 168p.
365 ## - TRADE PRICE
Price type code INR
Price amount 35
546 ## - LANGUAGE NOTE
Language note Gifted by Prof. Krishna kumar
942 ## - ADDED ENTRY ELEMENTS (KOHA)
Koha item type Textual
Classification part B, KAM
Holdings
Withdrawn status Lost status Damaged status Not for loan Home library Current library Date acquired Cost, normal purchase price Total Checkouts Full call number Barcode Date last seen Price effective from Koha item type
        Department of Education Library Department of Education Library 2025-05-08 35.00   B, KAM EL0091216 2025-05-08 2025-05-08 Textual
Copyright @ Delhi University Library System